| 000 | 00000nam##2200000za#4500 |
| 001 | 9.699718 |
| 003 | CaOODSP |
| 005 | 20241203113638 |
| 007 | cr ||||||||||| |
| 008 | 150407|2015||||xxc|||||o f|0| 0 eng|d |
| 020 | |a978-1-100-24875-2 |
| 040 | |aCaOODSP|beng |
| 043 | |an-cn--- |
| 086 | 1 |aEn14-106/3-2015E-PDF |
| 110 | 1 |aCanada. |bEnvironment Canada. |
| 245 | 10|aFinal screening assessment - petroleum sector stream approach : |h[electronic resource]|bfuel oil No. 2 [Fuels] / |c[co-published with] Health Canada. |
| 260 | |aOttawa - Ontario : |bEnvironment Canada |cFebruary 2015. |
| 300 | |a98p.|breferences, tables |
| 500 | |a"Chemical Abstracts Service Registry Number 68476-30-2" |
| 590 | |a15-12|b2015-03-20 |
| 775 | 08|tÉvaluation préalable finale - approche pour le secteur pétrolier : |w(CaOODSP)9.643694 |
| 856 | 40|ahttp://publications.gc.ca|qPDF|s687 KB|uhttps://publications.gc.ca/collections/collection_2015/ec/En14-106-3-2015-eng.pdf |